Statistics for Choose the most populous city #2

Click here to take the quiz!

General Stats

  • This quiz has been taken 13 times
  • The average score is 5 of 10

Answer Stats

QuestionAnswer% Correct
Which has the greatest urban population?Melbourne
100%
Which has the greatest urban population?Barcelona
77%
Which has the greatest urban population?Riyadh
69%
Which has the greatest urban population?Budapest
54%
Which has the greatest urban population?Lima
54%
Which has the greatest urban population?Stockholm
54%
Which has the greatest urban population?Atlanta
46%
Which has the greatest urban population?Taipei
38%
Which has the greatest urban population?Luanda
31%
Which has the greatest urban population?Tashkent
15%

Score Distribution

Percentile by Number Answered

Percent of People with Each Score

Your Score History

You have not taken this quiz